[Event "Scottish International Open"]
[Site "Edinburgh, Scotland"]
[Date "2015.07.15"]
[Round "5"]
[White "Forbes, Alistair"]
[Black "Campbell, Eoin"]
[Result "1/2-1/2"]
[WhiteElo "1418"]
[BlackElo "1839"]
[PlyCount "20"]
[EventDate "2015.??.??"]
[Source "ChessScotland"]
[SourceDate "2015.07.19"]

1. Nf3 g6 2. e4 Bg7 3. d4 d6 4. Nc3 Nf6 5. Be2 O-O 6. O-O Bg4 7. Be3 Nc6 8. d5
Bxf3 9. Bxf3 Ne5 10. Be2 c6 1/2-1/2

[Event "Scottish International Open"]
[Site "Edinburgh, Scotland"]
[Date "2015.07.15"]
[Round "5"]
[White "Schmerwitz, Reinhard"]
[Black "MacRae, James S"]
[Result "1-0"]
[WhiteElo "1829"]
[BlackElo "1689"]
[PlyCount "45"]
[EventDate "2015.??.??"]
[Source "ChessScotland"]
[SourceDate "2015.07.19"]

1. e4 c6 2. d4 d5 3. Nd2 e6 4. c3 Nd7 5. Bd3 dxe4 6. Bxe4 Ngf6 7. Bc2 Bd6 8.
Ngf3 O-O 9. O-O e5 10. Nc4 Bc7 11. dxe5 Nd5 12. Ng5 f5 13. Ne6 Qe7 14. Nxf8
Qxf8 15. f4 b5 16. Ne3 Nxe3 17. Bxe3 Nxe5 18. fxe5 Bxe5 19. Qf3 Qd6 20. Bf4 Bb7
21. Bxe5 Qxe5 22. Qxf5 Qxf5 23. Rxf5 1-0

[Event "Scottish International Open"]
[Site "Edinburgh, Scotland"]
[Date "2015.07.15"]
[Round "5"]
[White "Brown, Allan D"]
[Black "Zamvar, Vipin"]
[Result "1/2-1/2"]
[WhiteElo "1798"]
[BlackElo "1622"]
[PlyCount "112"]
[EventDate "2015.??.??"]
[Source "ChessScotland"]
[SourceDate "2015.07.19"]

1. d4 Nf6 2. g3 g6 3. Bg2 Bg7 4. c4 O-O 5. e4 d6 6. Nc3 Nc6 7. Nge2 Bg4 8. f3
Bd7 9. Be3 Qc8 10. h4 h5 11. Qd2 a5 12. Bh6 e5 13. Bxg7 Kxg7 14. d5 Nb4 15. a3
Na6 16. O-O-O Nc5 17. Kb1 Qb8 18. g4 b5 19. gxh5 Nxh5 20. cxb5 Bxb5 21. Nxb5
Qxb5 22. Nc3 Qb3 23. Qc2 Rab8 24. Qxb3 Rxb3 25. Kc2 Rfb8 26. Rb1 Nf4 27. Bf1 f6
28. Bc4 R3b6 29. Rh2 Nb3 30. Bxb3 Rxb3 31. Rf2 Rxb2+ 32. Rxb2 Rxb2+ 33. Kxb2
Nd3+ 34. Kb3 Nxf2 35. Ka4 g5 36. hxg5 fxg5 37. Kxa5 Kf6 38. Kb5 Nd3 39. a4 Ke7
40. Kc6 Kd8 41. a5 Kc8 42. a6 Nb4+ 43. Kb5 Nd3 44. Na4 Ne1 45. Kc6 Kb8 46. a7+
Kxa7 47. Kxc7 Nxf3 48. Kxd6 g4 49. Nc3 g3 50. Ne2 g2 51. Ke7 Nd4 52. Ng1 Kb7
53. Kd6 Kc8 54. Kxe5 Nb5 55. Kf4 Kd7 56. Kf3 Nd4+ 1/2-1/2

[Event "Scottish International Open"]
[Site "Edinburgh, Scotland"]
[Date "2015.07.15"]
[Round "5"]
[White "Smith, Sarah"]
[Black "Milton, Carl"]
[Result "0-1"]
[WhiteElo "888"]
[BlackElo "1777"]
[PlyCount "48"]
[EventDate "2015.??.??"]
[Source "ChessScotland"]
[SourceDate "2015.07.19"]

1. f4 g6 2. Nf3 Bg7 3. e3 Nf6 4. d4 O-O 5. Bd3 b6 6. c4 c6 7. Nc3 d5 8. b3 Bb7
9. Ba3 Re8 10. O-O Nbd7 11. Ne5 Rc8 12. Rc1 c5 13. Qf3 dxc4 14. Qxb7 cxd3 15.
Nxd3 Ng4 16. Qf3 Nxe3 17. Qxe3 Bxd4 18. Qxd4 cxd4 19. Nd5 Nc5 20. Nxc5 bxc5 21.
Bxc5 Qxd5 22. Bxe7 Rxc1 23. Rxc1 d3 24. Rd1 Ra8 0-1

[Event "Scottish International Open"]
[Site "Edinburgh, Scotland"]
[Date "2015.07.15"]
[Round "5"]
[White "Graham, Alan"]
[Black "Brown, Gerry"]
[Result "1-0"]
[WhiteElo "1739"]
[BlackElo "1468"]
[PlyCount "63"]
[EventDate "2015.??.??"]
[Source "ChessScotland"]
[SourceDate "2015.07.19"]

1. d4 Nf6 2. Nf3 d5 3. c4 g6 4. cxd5 Nxd5 5. e4 Nb6 6. Nc3 Bg7 7. Bd3 O-O 8.
Bd2 Nc6 9. h3 a6 10. O-O Nd7 11. e5 Nb6 12. Rc1 Be6 13. Ng5 Bd5 14. Nxd5 Nxd5
15. Bc4 e6 16. Ne4 Nce7 17. Bg5 h6 18. Bh4 Rc8 19. Qb3 g5 20. Bg3 Nb6 21. Rfd1
Nxc4 22. Rxc4 b5 23. Rc5 Nd5 24. f3 f5 25. exf6 Bxf6 26. Nxf6+ Rxf6 27. Be5 Rf7
28. Qd3 Nf4 29. Bxf4 Rxf4 30. Qg6+ Kf8 31. Qxh6+ Ke8 32. Qxe6+ 1-0

[Event "Scottish International Open"]
[Site "Edinburgh, Scotland"]
[Date "2015.07.15"]
[Round "5"]
[White "Van Rossum, Pia"]
[Black "Smith, Rachel"]
[Result "1-0"]
[WhiteElo "1594"]
[BlackElo "1316"]
[PlyCount "43"]
[EventDate "2015.??.??"]
[Source "ChessScotland"]
[SourceDate "2015.07.19"]

1. d4 f5 2. Nf3 Nf6 3. g3 b6 4. Bg2 Bb7 5. O-O e6 6. c4 Be7 7. Bf4 d6 8. Nc3
Nbd7 9. Qc2 O-O 10. Ng5 Bxg2 11. Kxg2 Qc8 12. Nxe6 Rf7 13. Ng5 Rf8 14. Qxf5 g6
15. Qe6+ Kh8 16. Nf7+ Rxf7 17. Qxf7 Qb7+ 18. f3 Rf8 19. Qxe7 Re8 20. Qf7 Qc8
21. Bh6 Nh5 22. g4 1-0

[Event "Scottish International Open"]
[Site "Edinburgh, Scotland"]
[Date "2015.07.15"]
[Round "5"]
[White "McGillivray, Calum"]
[Black "Connolly Sams, Lukah"]
[Result "0-1"]
[WhiteElo "1589"]
[BlackElo "1345"]
[PlyCount "106"]
[EventDate "2015.??.??"]
[Source "ChessScotland"]
[SourceDate "2015.07.19"]

1. e4 e6 2. d4 d5 3. exd5 exd5 4. Bf4 Nf6 5. Bd3 c6 6. c3 Bg4 7. f3 Bh5 8. Ne2
Nbd7 9. O-O Be7 10. Re1 Bg6 11. Ng3 Qb6 12. b3 c5 13. Qe2 O-O 14. Bxg6 hxg6 15.
Nd2 Rfe8 16. Qd3 cxd4 17. cxd4 Bb4 18. a3 Rxe1+ 19. Rxe1 Bxa3 20. Nb1 Bb4 21.
Rc1 Re8 22. Bc7 Qe6 23. Bf4 a5 24. Nc3 Rc8 25. Nce2 Rxc1+ 26. Bxc1 Nh5 27. Qe3
Qxe3+ 28. Bxe3 Nxg3 29. Nxg3 b5 30. Ne2 a4 31. bxa4 bxa4 32. Nc1 a3 33. Na2 Bd6
34. h3 Kf8 35. Kf2 Ke8 36. Ke2 Nb6 37. Kd3 Kd7 38. Kc3 Nc4 39. Bc1 Kc6 40. Kb3
Kb5 41. Nc3+ Kc6 42. Nb1 Kb6 43. Nxa3 Nxa3 44. Bxa3 Bxa3 45. Kxa3 Ka5 46. Kb3
Kb5 47. Kc3 Ka4 48. g4 f5 49. f4 Ka3 50. gxf5 gxf5 51. h4 g6 52. Kc2 Kb4 53.
Kd3 Kb3 0-1

[Event "Scottish International Open"]
[Site "Edinburgh, Scotland"]
[Date "2015.07.15"]
[Round "5"]
[White "Hope, Iain"]
[Black "Gillies, Craig"]
[Result "1-0"]
[WhiteElo "1349"]
[BlackElo "1582"]
[PlyCount "65"]
[EventDate "2015.??.??"]
[Source "ChessScotland"]
[SourceDate "2015.07.19"]

1. d4 d5 2. c4 c6 3. Nf3 e6 4. Nc3 dxc4 5. a4 Bb4 6. e4 b5 7. axb5 cxb5 8. Qc2
Bb7 9. Bd2 Bxc3 10. Bxc3 Nf6 11. d5 exd5 12. exd5 Bxd5 13. Rd1 Qe7+ 14. Be2
Bxf3 15. gxf3 Nbd7 16. O-O O-O 17. Rfe1 Qc5 18. Qd2 Qh5 19. Bf1 Qxf3 20. Bg2
Qg4 21. Kh1 Rae8 22. Rg1 Qh4 23. Bc6 Ng4 24. Rxg4 Qxg4 25. Rg1 Qe6 26. Rxg7+
Kh8 27. Bxd7 Qe1+ 28. Rg1+ f6 29. Rxe1 Rxe1+ 30. Qxe1 Kg7 31. Qe7+ Rf7 32.
Bxf6+ Kg6 33. Be8 1-0

[Event "Scottish International Open"]
[Site "Edinburgh, Scotland"]
[Date "2015.07.15"]
[Round "5"]
[White "Berera, Siddharth"]
[Black "Oxener, Aldo"]
[Result "1-0"]
[WhiteElo "1457"]
[BlackElo "1545"]
[PlyCount "105"]
[EventDate "2015.??.??"]
[Source "ChessScotland"]
[SourceDate "2015.07.19"]

1. d4 Nf6 2. c4 g6 3. Nc3 d5 4. Bf4 a6 5. e3 Bg7 6. Be2 O-O 7. Nf3 dxc4 8. Bxc4
b5 9. Be2 Bb7 10. h3 Nbd7 11. O-O c5 12. Rc1 c4 13. a3 Ne4 14. Qc2 Ndf6 15. a4
Nxc3 16. bxc3 Be4 17. Qb2 Qd5 18. Ne1 g5 19. Bh2 h5 20. f3 Bg6 21. e4 Qd7 22.
Nc2 g4 23. fxg4 hxg4 24. e5 Ne4 25. Bxg4 e6 26. axb5 axb5 27. Ra1 Nd2 28. Rfd1
Nb3 29. Rxa8 Rxa8 30. Nb4 Qb7 31. Re1 Ra4 32. Bd1 Ra1 33. Bg3 Bf8 34. Bxb3
Rxe1+ 35. Bxe1 Bxb4 36. Bxc4 Bf8 37. Qxb5 Qe4 38. Bf2 Qc2 39. Qb3 Qc1+ 40. Kh2
Qd2 41. Qa2 Qxc3 42. Qe2 Bh6 43. d5 Bf4+ 44. g3 Bxe5 45. dxe6 fxe6 46. Bxe6+
Kg7 47. Bg4 Qa1 48. Qf3 Qb2 49. Qe3 Bf7 50. h4 Qa1 51. Qg5+ Kf8 52. Bc5+ Ke8
53. Qe7# 1-0

[Event "Scottish International Open"]
[Site "Edinburgh, Scotland"]
[Date "2015.07.15"]
[Round "5"]
[White "Smith, Callum"]
[Black "McKay, Jonathan"]
[Result "1-0"]
[WhiteElo "1543"]
[BlackElo "1053"]
[PlyCount "120"]
[EventDate "2015.??.??"]
[Source "ChessScotland"]
[SourceDate "2015.07.19"]

1. e4 c5 2. c3 g6 3. d4 cxd4 4. cxd4 d5 5. e5 Nc6 6. Nc3 Bg7 7. Nf3 Bg4 8. Be2
e6 9. Be3 Nge7 10. h3 Bxf3 11. Bxf3 O-O 12. Be2 Rc8 13. Nb5 Nf5 14. Qd2 a6 15.
Nc3 Qb6 16. Rd1 Rfd8 17. O-O Nxe3 18. fxe3 Qc7 19. Rf2 Ne7 20. Rc1 Nf5 21. Rff1
Qe7 22. Bd3 Nh4 23. Qf2 Qg5 24. Qxf7+ Kh8 25. Qf2 Nxg2 26. Kh2 Nxe3 27. Rg1 Qh6
28. Rce1 Nf5 29. Bxf5 gxf5 30. Na4 Rc6 31. Nc5 b5 32. Re2 Rg8 33. Nb7 Bf8 34.
Rxg8+ Kxg8 35. Qg3+ Kh8 36. Rg2 Bg7 37. Nd8 Rc7 38. Qg5 Qxg5 39. Rxg5 Re7 40.
Rg2 Kg8 41. Rc2 h6 42. Rc6 a5 43. Nxe6 Kf7 44. Nxg7 Kxg7 45. Rb6 Rc7 46. Rxb5
Rc2+ 47. Kg3 Rd2 48. Rxd5 Rxb2 49. Rxa5 Kf7 50. Ra6 h5 51. Rf6+ Kg7 52. Rxf5
Kg6 53. Rf6+ Kg7 54. Kh4 Rxa2 55. Kxh5 Rd2 56. Rf4 Rd3 57. h4 Re3 58. Kg5 Kh7
59. Rf6 Kg8 60. e6 Rd3 1-0

[Event "Scottish International Open"]
[Site "Edinburgh, Scotland"]
[Date "2015.07.15"]
[Round "5"]
[White "D'Costa, Leston"]
[Black "Hartman, James"]
[Result "1-0"]
[WhiteElo "1515"]
[BlackElo "1003"]
[PlyCount "73"]
[EventDate "2015.??.??"]
[Source "ChessScotland"]
[SourceDate "2015.07.19"]

1. e4 e5 2. Nf3 Nc6 3. Nc3 Nf6 4. d4 exd4 5. Nxd4 Bb4 6. Nxc6 dxc6 7. Bd3 O-O
8. O-O Re8 9. Bg5 Qd6 10. h3 Bxc3 11. bxc3 Nxe4 12. Re1 Bf5 13. Qf3 Qd5 14. Bf4
Re7 15. Rad1 Rae8 16. Bxe4 Bxe4 17. Qe3 Qe6 18. Qxa7 Qc8 19. Rc1 b6 20. Qa3 Qd7
21. Rcd1 Qe6 22. f3 Qf5 23. Qxe7 Qc5+ 24. Qxc5 bxc5 25. Rxe4 Kf8 26. Rxe8+ Kxe8
27. Bxc7 Ke7 28. Bd6+ Ke6 29. Bxc5 g6 30. Rd6+ Ke5 31. g4 g5 32. Kf2 f6 33. Ke3
f5 34. gxf5 Kxf5 35. Bd4 g4 36. h4 gxf3 37. Kxf3 1-0

[Event "Scottish International Open"]
[Site "Edinburgh, Scotland"]
[Date "2015.07.15"]
[Round "5"]
[White "Doris, Peter"]
[Black "McKinney, Stuart"]
[Result "1/2-1/2"]
[WhiteElo "1256"]
[BlackElo "1364"]
[PlyCount "44"]
[EventDate "2015.??.??"]
[Source "ChessScotland"]
[SourceDate "2015.07.19"]

1. d4 e6 2. e4 d5 3. e5 c5 4. c3 Nc6 5. f4 Qb6 6. Nf3 Bd7 7. a3 Rc8 8. Be2 Nh6
9. O-O cxd4 10. cxd4 Nf5 11. Kh1 Ncxd4 12. Nxd4 Qxd4 13. Qb3 b6 14. Nc3 Qc5 15.
Bb5 Qc7 16. Ba6 Rb8 17. Nb5 Bxb5 18. Qxb5+ Kd8 19. Bd2 Qc5 20. Qd3 Qd4 21. Qc2
Qc4 22. Qd3 Qd4 1/2-1/2

[Event "Scottish International Open"]
[Site "Edinburgh, Scotland"]
[Date "2015.07.15"]
[Round "5"]
[White "Stuart, Joseph Maxwell"]
[Black "Smith, Mark J"]
[Result "1-0"]
[WhiteElo "1210"]
[BlackElo "1440"]
[PlyCount "111"]
[EventDate "2015.??.??"]
[Source "ChessScotland"]
[SourceDate "2015.07.19"]

1. e4 e5 2. Nf3 Nc6 3. Nc3 Bc5 4. Bb5 d6 5. O-O Nf6 6. d3 a6 7. Ba4 h6 8. h3
Bd7 9. Be3 Nd4 10. Bxd7+ Qxd7 11. Nd5 O-O-O 12. c3 Ne6 13. b4 Nxd5 14. exd5
Bxe3 15. dxe6 Bxf2+ 16. Rxf2 fxe6 17. Nh4 g5 18. Nf3 Qc6 19. Qd2 Rhf8 20. Raf1
Qb6 21. Kh1 Rf4 22. g3 Rf5 23. g4 Rf4 24. Ne1 Rdf8 25. Rxf4 exf4 26. d4 Qb5 27.
Kg1 Re8 28. Nf3 e5 29. dxe5 dxe5 30. Re1 e4 31. Nd4 Qb6 32. Kh2 e3 33. Qd3 Qd6
34. Qf5+ Kb8 35. Nf3 Qc6 36. Kg2 Rd8 37. Re2 Rd2 38. Rxd2 exd2 39. Qd3 Qxc3 40.
Qxd2 Qxd2+ 41. Nxd2 b6 42. Kf3 Kb7 43. Ke4 c5 44. bxc5 bxc5 45. Kd5 Kb6 46. a4
Ka5 47. Kxc5 Kxa4 48. Kc4 a5 49. Nb1 f3 50. Kd3 Kb3 51. Nd2+ Kb2 52. Nxf3 a4
53. Nd2 a3 54. Nc4+ Kb3 55. Nxa3 Kxa3 56. Ke4 1-0

[Event "Scottish International Open"]
[Site "Edinburgh, Scotland"]
[Date "2015.07.15"]
[Round "5"]
[White "Tramontano, Fulvio"]
[Black "Connolly Sams, Dietah"]
[Result "1-0"]
[WhiteElo "1325"]
[BlackElo "829"]
[PlyCount "93"]
[EventDate "2015.??.??"]
[Source "ChessScotland"]
[SourceDate "2015.07.19"]

1. e4 e6 2. Nf3 Nc6 3. Bb5 Bc5 4. Bxc6 bxc6 5. O-O Ba6 6. d3 d5 7. Re1 dxe4 8.
Rxe4 Nf6 9. Re1 O-O 10. Be3 Bxe3 11. Rxe3 Nd5 12. Re4 Rb8 13. Qc1 Qf6 14. Ne5
Ne7 15. Nd7 Qxb2 16. Qxb2 Rxb2 17. Nxf8 Rxc2 18. Re1 Kxf8 19. Na3 Rc3 20. Nc4
Rxd3 21. Ne5 Rc3 22. Rac1 Rxc1 23. Rxc1 Bb5 24. h3 f6 25. Nd7+ Kf7 26. Ra1 e5
27. a4 Bd3 28. Rc1 Ke6 29. Nc5+ Kd5 30. Nxd3 Kd4 31. Rd1 c5 32. Nf4+ Kc3 33.
Rd7 c4 34. Rxe7 exf4 35. Rxc7 Kd3 36. Rd7+ Kc2 37. Kf1 c3 38. Ke1 Kb2 39. Rb7+
Kc1 40. a5 c2 41. a6 h5 42. f3 g5 43. Rxa7 f5 44. Rc7 g4 45. a7 g3 46. a8=Q h4
47. Qa1# 1-0

[Event "Scottish International Open"]
[Site "Edinburgh, Scotland"]
[Date "2015.07.15"]
[Round "5"]
[White "Pearson, Walter"]
[Black "Hegde, Stuthi"]
[Result "1-0"]
[WhiteElo "1623"]
[BlackElo "1241"]
[PlyCount "103"]
[EventDate "2015.??.??"]
[Source "ChessScotland"]
[SourceDate "2015.07.19"]

1. e4 c5 2. Nf3 Nc6 3. d4 cxd4 4. Nxd4 Nf6 5. f3 e5 6. Nb5 d6 7. c4 a6 8. N5c3
Be7 9. Be3 Rb8 10. Be2 Nh5 11. g3 O-O 12. Nd5 f5 13. Bb6 Qd7 14. Bc7 Ra8 15.
Nxe7+ Nxe7 16. Bxd6 Re8 17. Bxe5 Qxd1+ 18. Bxd1 Nc6 19. Bc3 fxe4 20. O-O Bh3
21. Re1 exf3 22. Bxf3 Rxe1+ 23. Bxe1 Nf6 24. Nc3 Rd8 25. Nd5 Be6 26. Nxf6+ gxf6
27. b3 Kf7 28. Kf2 Bf5 29. Bd5+ Ke7 30. Bc3 Ne5 31. Re1 Kd6 32. Bxb7 Nd3+ 33.
Kf3 Nxe1+ 34. Bxe1 Rb8 35. Bd5 Ke7 36. b4 Bb1 37. a3 Bg6 38. Bf2 f5 39. Ba7 Rd8
40. Be3 Rb8 41. a4 Kd7 42. b5 axb5 43. axb5 Ke7 44. Bf4 Rc8 45. b6 Bf7 46. Bxf7
Kxf7 47. b7 Rg8 48. b8=Q Rxb8 49. Bxb8 Ke6 50. Kf4 Kf6 51. c5 Ke6 52. c6 1-0

[Event "Scottish International Open"]
[Site "Edinburgh, Scotland"]
[Date "2015.07.16"]
[Round "6"]
[White "Van den Doel, Erik"]
[Black "Rooze, Jan"]
[Result "1/2-1/2"]
[WhiteElo "2564"]
[BlackElo "2316"]
[PlyCount "87"]
[EventDate "2015.??.??"]
[Source "ChessScotland"]
[SourceDate "2015.07.19"]
[WhiteClock "0:27:03"]
[BlackClock "0:35:03"]

1. e4 c5 2. Nf3 e6 3. Be2 Nc6 4. O-O Nf6 5. Nc3 a6 6. d4 cxd4 7. Nxd4 Qc7 8.
Be3 Be7 9. f4 d6 10. Kh1 O-O 11. a4 Nxd4 12. Qxd4 Bd7 13. e5 Ne8 14. Qd3 Bc6
15. Bd4 Rc8 16. Ne4 Bd5 17. exd6 Nxd6 18. Nxd6 Qxd6 19. c3 Rfd8 20. Qg3 Bf8 21.
Rad1 Qc6 22. a5 Be4 23. h3 Rd5 24. b4 Rcd8 25. Rd2 f6 26. Rb2 Kh8 27. Re1 Bd6
28. Bf3 Bxf3 29. Qxf3 e5 30. fxe5 fxe5 31. Bb6 Rf8 32. Qe3 Qc4 33. Qe4 Qxc3 34.
Rbe2 Qd3 35. Qxd3 Rxd3 36. Bc5 Bxc5 37. bxc5 Ra3 38. c6 Rxa5 39. cxb7 Rb5 40.
Rxe5 Rxb7 41. Re6 Ra7 42. Ra1 a5 43. Re5 a4 44. Ra3 1/2-1/2

[Event "Scottish International Open"]
[Site "Edinburgh, Scotland"]
[Date "2015.07.16"]
[Round "6"]
[White "McNab, Colin Anderson"]
[Black "McKay, Roderick M"]
[Result "1/2-1/2"]
[WhiteElo "2443"]
[BlackElo "2338"]
[PlyCount "92"]
[EventDate "2015.??.??"]
[Source "ChessScotland"]
[SourceDate "2015.07.19"]
[WhiteClock "0:20:54"]
[BlackClock "0:24:43"]

1. c4 f5 2. Nc3 Nf6 3. g3 g6 4. Bg2 Bg7 5. d3 d6 6. e4 Nc6 7. Nge2 O-O 8. O-O
e5 9. Nd5 Nh5 10. Be3 f4 11. gxf4 exf4 12. Nexf4 Nxf4 13. Bxf4 Rxf4 14. Nxf4
Qh4 15. Ne2 Bg4 16. f3 Be5 17. Ng3 Bd7 18. Qe1 Rf8 19. Rd1 g5 20. Rd2 Rf6 21.
d4 Nxd4 22. f4 Rxf4 23. Rdf2 Qh6 24. Qa5 Ne6 25. Rxf4 gxf4 26. Nf5 Qg5 27. h4
Qd8 28. Qd5 Kh8 29. Qd1 Qf6 30. Qh5 Qg6 31. Qf3 Nc5 32. b4 Nxe4 33. Qxe4 Bxf5
34. Qxb7 Qg3 35. Qb8+ Kg7 36. Qxa7 Be4 37. Qf2 Qg4 38. Re1 f3 39. Rxe4 Qxe4 40.
Bxf3 Qxc4 41. Qg2+ Kf8 42. Qg4 Qc1+ 43. Kg2 Qc2+ 44. Be2 Ke7 45. Qc4 Qg6+ 46.
Qg4 Qc2 1/2-1/2

[Event "Scottish International Open"]
[Site "Edinburgh, Scotland"]
[Date "2015.07.16"]
[Round "6"]
[White "Pritchett, Craig William"]
[Black "Korneev, Oleg"]
[Result "0-1"]
[WhiteElo "2324"]
[BlackElo "2567"]
[PlyCount "72"]
[EventDate "2015.??.??"]
[Source "ChessScotland"]
[SourceDate "2015.07.19"]
[WhiteClock "0:01:03"]
[BlackClock "0:01:00"]

1. Nf3 d5 2. c4 c6 3. e3 Nf6 4. Nc3 e6 5. Qc2 Nbd7 6. b3 Bd6 7. Bb2 O-O 8. Be2
Re8 9. O-O a6 10. d4 dxc4 11. bxc4 e5 12. c5 Bc7 13. dxe5 Nxe5 14. Nxe5 Bxe5
15. Na4 Qc7 16. h3 Ne4 17. Bd3 Bf5 18. Nc3 Bxc3 19. Bxc3 Qe7 20. Bd4 Qg5 21.
Rab1 Re7 22. Rb2 Rd8 23. Rfb1 Rdd7 24. f4 Qg6 25. Be5 h5 26. Rb4 Rxd3 27. Qxd3
Rd7 28. Bd4 Nxc5 29. Qf1 Bxb1 30. Rxb1 Ne4 31. f5 Qg3 32. Rc1 Rd5 33. f6 c5 34.
Qf3 Qg6 35. fxg7 cxd4 36. exd4 Rf5 0-1

[Event "Scottish International Open"]
[Site "Edinburgh, Scotland"]
[Date "2015.07.16"]
[Round "6"]
[White "Petesch, Gabriel N"]
[Black "Aagaard, Jacob"]
[Result "1-0"]
[WhiteElo "2242"]
[BlackElo "2506"]
[PlyCount "79"]
[EventDate "2015.??.??"]
[Source "ChessScotland"]
[SourceDate "2015.07.19"]
[WhiteClock "0:01:31"]
[BlackClock "0:10:23"]

1. Nf3 d5 2. b3 Nf6 3. Bb2 c6 4. g3 Bg4 5. Bg2 Nbd7 6. d3 Qc7 7. Nbd2 e5 8. h3
Bh5 9. g4 Bg6 10. Nh4 Be7 11. e3 Nf8 12. Qe2 Ne6 13. Nf5 Bxf5 14. gxf5 Nc5 15.
Nf3 e4 16. Ne5 Ncd7 17. Ng4 h5 18. Nxf6+ Bxf6 19. d4 c5 20. c4 cxd4 21. exd4
Bg5 22. O-O Nf6 23. Ba3 Rd8 24. cxd5 Qa5 25. Bc5 b6 26. b4 Qa3 27. Qb5+ Nd7 28.
Bd6 a6 29. Qe2 Nf6 30. Bc7 Rd7 31. Bxb6 O-O 32. Bc5 Re8 33. d6 Bf4 34. b5 Qa5
35. bxa6 Bxd6 36. Rfc1 Ra8 37. Bf1 Bb8 38. Rab1 Qc7 39. Bg2 Qh2+ 40. Kf1 1-0

[Event "Scottish International Open"]
[Site "Edinburgh, Scotland"]
[Date "2015.07.16"]
[Round "6"]
[White "Berry, Neil"]
[Black "Farago, Ivan"]
[Result "1/2-1/2"]
[WhiteElo "2306"]
[BlackElo "2417"]
[PlyCount "72"]
[EventDate "2015.??.??"]
[Source "ChessScotland"]
[SourceDate "2015.07.19"]
[WhiteClock "0:03:25"]
[BlackClock "0:08:20"]

1. d4 Nf6 2. c4 e6 3. g3 d5 4. Nf3 Bb4+ 5. Bd2 Be7 6. Bg2 O-O 7. O-O Nbd7 8.
Qc2 c6 9. Bf4 a5 10. Rd1 b5 11. c5 Nh5 12. Bd6 Bxd6 13. cxd6 Bb7 14. Nbd2 Nhf6
15. Nb3 Qb8 16. Nc5 Ra7 17. Ne5 Qxd6 18. Nxb7 Rxb7 19. Qxc6 Qxc6 20. Nxc6 Ra8
21. Rdc1 Kf8 22. Rc2 Rc8 23. Rac1 Rbc7 24. Nb4 Rc4 25. b3 Rxc2 26. Rxc2 Ra8 27.
Nd3 a4 28. e3 axb3 29. axb3 Ra3 30. Nc1 Ne8 31. Bf1 Nd6 32. f3 Ke7 33. Kf2 Kd8
34. Ke1 Nb8 35. Kd2 Na6 36. Ra2 Rxa2+ 1/2-1/2

[Event "Scottish International Open"]
[Site "Edinburgh, Scotland"]
[Date "2015.07.16"]
[Round "6"]
[White "Orr, Mark J L"]
[Black "MacQueen, Calum"]
[Result "0-1"]
[WhiteElo "2260"]
[BlackElo "2212"]
[PlyCount "72"]
[EventDate "2015.??.??"]
[Source "ChessScotland"]
[SourceDate "2015.07.19"]
[WhiteClock "0:02:31"]
[BlackClock "0:28:29"]

1. c4 e5 2. Nc3 Nf6 3. Nf3 Nc6 4. g3 g6 5. d4 exd4 6. Nxd4 Bg7 7. Bg2 O-O 8.
O-O Re8 9. Nc2 d6 10. Ne3 Ne5 11. b3 Neg4 12. Nxg4 Nxg4 13. Bb2 h5 14. h3 Ne5
15. Qd2 Be6 16. f4 Nc6 17. Ne4 Bf5 18. Bxg7 Bxe4 19. Bb2 Bxg2 20. Kxg2 Qe7 21.
Qc3 f6 22. Qxf6 Qxf6 23. Bxf6 Rxe2+ 24. Rf2 Rae8 25. Bc3 R8e3 26. Bd2 Re4 27.
Bc3 h4 28. Raf1 hxg3 29. Kxg3 Ne7 30. Rxe2 Rxe2 31. Re1 Nf5+ 32. Kf3 Rh2 33.
Ba1 Kf7 34. Re2 Rxh3+ 35. Kg2 Rd3 36. Kf2 a5 0-1

[Event "Scottish International Open"]
[Site "Edinburgh, Scotland"]
[Date "2015.07.16"]
[Round "6"]
[White "Arakhamia Grant, Ketevan"]
[Black "Green, Andrew D"]
[Result "1/2-1/2"]
[WhiteElo "2374"]
[BlackElo "2173"]
[PlyCount "69"]
[EventDate "2015.??.??"]
[Source "ChessScotland"]
[SourceDate "2015.07.19"]
[WhiteClock "0:00:48"]
[BlackClock "0:01:11"]

1. e4 e5 2. Nf3 Nc6 3. Bc4 Bc5 4. d3 Nf6 5. O-O O-O 6. h3 d6 7. c3 Ne7 8. Be3
Bb6 9. Nbd2 Ng6 10. d4 exd4 11. Bxd4 Bxd4 12. cxd4 Nxe4 13. Nxe4 d5 14. Bd3
dxe4 15. Bxe4 c6 16. Rc1 Be6 17. Rc5 Qf6 18. Qc2 Rad8 19. b4 Rd6 20. Re1 Rfd8
21. b5 cxb5 22. Bxb7 Rb6 23. Be4 Bc4 24. a4 a6 25. Re3 Rbd6 26. Rf5 Qe6 27.
axb5 axb5 28. Bc6 Qc8 29. Bxb5 Bd5 30. Qxc8 Rxc8 31. Ne1 Rb8 32. Bd3 Be6 33.
Ra5 Rxd4 34. Nf3 Rd5 35. Rxd5 1/2-1/2

[Event "Scottish International Open"]
[Site "Edinburgh, Scotland"]
[Date "2015.07.16"]
[Round "6"]
[White "Tate, Alan"]
[Black "Sreeves, Clement"]
[Result "1-0"]
[WhiteElo "2335"]
[BlackElo "2333"]
[PlyCount "139"]
[EventDate "2015.??.??"]
[Source "ChessScotland"]
[SourceDate "2015.07.19"]
[WhiteClock "0:10:00"]
[BlackClock "0:25:45"]

1. e4 e5 2. Nf3 Nc6 3. Bc4 Bc5 4. c3 Nf6 5. d3 a6 6. Bb3 Ba7 7. O-O d6 8. Re1
O-O 9. h3 Be6 10. Nbd2 Bxb3 11. Qxb3 Rb8 12. Nf1 Re8 13. Be3 Bxe3 14. Nxe3 Ne7
15. Ng5 d5 16. exd5 Nexd5 17. Nc4 Nd7 18. Nf3 Nc5 19. Qc2 f6 20. d4 exd4 21.
Nxd4 Qd7 22. Rxe8+ Rxe8 23. Rd1 Nf4 24. Ne3 Ne4 25. Qb3+ Qf7 26. Ndf5 Qxb3 27.
axb3 g6 28. Nh6+ Kg7 29. Nhg4 Re7 30. Nc4 Nc5 31. b4 Na4 32. Rd2 c5 33. Rd6
cxb4 34. cxb4 Rc7 35. b3 f5 36. Nf6 Kf8 37. Nxh7+ Ke7 38. bxa4 Rxc4 39. Rb6 Rc7
40. Ng5 Nd5 41. Re6+ Kd7 42. Rxg6 Rc4 43. g3 Rxb4 44. a5 b6 45. h4 bxa5 46.
Rxa6 a4 47. h5 Rg4 48. Nf7 Ke7 49. Ra7+ Kf8 50. h6 Nf6 51. Ne5 Re4 52. Ng6+ Ke8
53. h7 Nxh7 54. Rxh7 a3 55. Ra7 Re1+ 56. Kg2 Ra1 57. Nh4 f4 58. g4 Kf8 59. Ng6+
Kg8 60. Nxf4 a2 61. g5 Kf8 62. g6 Kg8 63. Ne6 Rg1+ 64. Kxg1 a1=Q+ 65. Rxa1 Kh8
66. f4 Kg8 67. f5 Kh8 68. f6 Kg8 69. f7+ Kh8 70. f8=R# 1-0

[Event "Scottish International Open"]
[Site "Edinburgh, Scotland"]
[Date "2015.07.16"]
[Round "6"]
[White "Schroer, Marcel"]
[Black "Brown, Alan M"]
[Result "0-1"]
[WhiteElo "2183"]
[BlackElo "2082"]
[PlyCount "68"]
[EventDate "2015.??.??"]
[Source "ChessScotland"]
[SourceDate "2015.07.19"]
[WhiteClock "0:25:17"]
[BlackClock "0:28:42"]

1. c4 e5 2. g3 Nf6 3. Bg2 d5 4. cxd5 Nxd5 5. Nc3 Be6 6. Nf3 Nc6 7. O-O Nb6 8.
a3 Be7 9. b4 a6 10. d3 O-O 11. Ne4 Bd5 12. Nc5 Qc8 13. Bb2 f6 14. Qc2 Rd8 15.
Rfd1 Rb8 16. e4 Bf7 17. Nxa6 bxa6 18. Qxc6 Rd6 19. Qc2 Qd7 20. Rac1 Rc8 21. d4
exd4 22. Rxd4 Rxd4 23. Bxd4 Nc4 24. Qc3 a5 25. Bf1 axb4 26. axb4 Nd6 27. e5 Nb5
28. Bxb5 Qxb5 29. exf6 Bxb4 30. Qb2 c5 31. Bc3 Ra8 32. fxg7 Ra2 33. Qb1 Qe2 34.
Rf1 Qxf3 0-1